Seton Hall Mens Basketball Roster 2015-16 - Statistics

General Stats
  • This quiz has been taken 7 times
  • The average score is 8 of 13
Answer Stats
# Pos Year Answer % Correct
31 F SO Angel Delgado
100%
15 G SO Isaiah Whitehead
100%
20 F SO Desi Rodriguez
83%
0 G SO Khadeen Carrington
83%
1 F RS FR Michael Nzei
83%
32 G SR Derrick Gordon
67%
14 F SO Ismael Sanogo
67%
4 F JR Braeden Anderson
50%
21 G FR Dalton Soffer
50%
33 G FR Veer Singh
50%
13 G JR Michael Dowdy Jr.
33%
23 F FR Myles Carter
33%
25 F JR Rashed Anthony
33%
No matching quizzes found
Score Distribution
Percent of People with Each Score
Percentile by Number Answered
Your Score History
You have not taken this quiz